Jaki to klub z Polskiej ligi? - Statystyki

Ogólne statystyki
  • Ten quiz został rozwiązany 46 razy
  • Średni wynik to 13 z 15
Statystyki odpowiedzi
Podpowiedź Klub % Poprawnych
13 krotny mistrz Polski z miasta maczet, ma 2 miejsce w tabeli wszechczasów Ekstraklasy, Biała Gwiazda, wygrali z Barceloną. Wisła Kraków
100%
Najstarszy klub sportowy w Polsce,gra w Ekstraklasie, Krakowskie pasy. Cracovia
98%
Klub znad morza, Polski Tottenham, gra tu Kamil Grosicki. Pogoń Szczecin
98%
Obecnie występuje w 1 Lidze, tworzytriadę, przezywana świnią. Arka Gdynia
93%
Klub z Bytomia dwukrotny mistrz Polski, ostatni raz w Ekstraklasie w 2011r., ma przydomek Królowa Śląska. Polonia Bytom
93%
Władcy północy, klub z trójmiasta,ma zgodę z Śląskiem. Lechia Gdańsk
90%
Kolejorz, 8 krotny mistrz polski. Lech Poznań
90%
Najbardziej utytułowany Polski klub. Legia Warszawa
90%
Walczył o mistrza, a teraz spada, całaPolska w cieniu... Śląsk Wrocław
88%
Klub z kujawsko-pomorskiego, nienawidzi Zawiszy, tworzy WRWE. Elana Toruń
83%
Posiadacz rekordu frekfencji XXI wieku.jeden z najbardziej utytułowanych klubów w Polsce, ma kose z GKS-em. Ruch Chorzów
80%
Medaliki, mistrz polski z 2023r. kilkukrotny zwycięzca PP. Raków Częstochowa
78%
Klub który niedawno się przebił, mabogatych inwestorów, żółto-czarni. Wieczysta Kraków
78%
Klub ze śląska, ma zgodę z Legią, w zeszłym sezonie spadli z hukiem z 1 ligi. Zagłębie Sosnowiec
70%
Robotnicze towarzystwo sportowe,mieli rekord frekfencji do 22.02.2024. Widzew Łódź
63%
Nie znaleziono quizów pasujących do podanych kryteriów
Rozkład punktacji
Procent ludzi z każdym wynikiem
Percentyl według liczby udzielonych odpowiedzi
Twoja historia wyników
Nie rozwiązałeś tego quizu